| 000 | 01181nam a2200325Ia 4500 | ||
|---|---|---|---|
| 005 | 20220317001543.0 | ||
| 007 | ta | ||
| 008 | 161108s20142017mx a er 000 0 spa d | ||
| 020 | _a9786071717689 | ||
| 040 |
_aCO-BoRNBP _bspa _erda _cCO-BoRNBP |
||
| 082 | 0 | 4 |
_a658.11 _bD87p _222 |
| 100 | 1 |
_aDurón García, Carlos _eautor |
|
| 245 | 1 | 3 |
_aEl plan de negocios para la industria restaurantera _cCarlos Durón García |
| 250 |
_aSegunda edición _bReimpresión |
||
| 264 | 1 |
_aMéxico _bEditorial Trillas _c2014 _c2017 |
|
| 300 |
_a145 páginas _bilustraciones _c24 cm |
||
| 336 |
_atexto _btxt _2rdacontent |
||
| 337 |
_asin mediación _bn _2rdamedia |
||
| 338 |
_avolumen _bnc _2rdacarrier |
||
| 490 |
_aTrillas Turismo _pAlimentos y bebidas |
||
| 500 | _aIncluye anexos e índice analítico | ||
| 504 | _aIncluye bibliografías | ||
| 521 | _aRecomendado para un público adulto | ||
| 650 | 1 | 7 |
_aNuevas empresas _vProyectos _2LEMB |
| 650 | 1 | 7 |
_aPlanificación estratégica _2LEMB |
| 650 | 1 | 7 |
_aPlanificación empresarial _2LEMB |
| 650 | 1 | 7 |
_aRestaurantes, cafeterías, etc _xAdministración _2LEMB |
| 650 | 1 | 7 |
_aRestaurantes, cafeterías, etc _vPlaneación _2LEMB |
| 942 |
_2ddc _cBK |
||
| 999 |
_c7348 _d7348 |
||